00382pab a2200133 454500008004000000100002400040245007400064260000900138300001700147362000800164650002500172650001600197773003500213180718b2011 xxu||||| |||| 00| 0 eng d aMartins, Pedro M.G. aAid absorption and spending in Africa: A panel cointegration approach c2011 ap.1925-1953. aDec aForeign aid - Africa aForeign aid aJournal of Development Studies